MARC

LEADER 00000nam0a2200000 4500
001 311438
005 20231102002403.0
020 |a RU  |b 82-20117 
035 |a (RuTPU)RU\TPU\book\336795 
090 |a 311438 
100 |a 20151208d1982 m y0rusy5003 ca 
101 0 |a rus 
102 |a UA 
105 |a a j 001zy 
200 1 |a Железобетонные конструкции гидротехнических сооружений  |e учебное пособие  |f П. И. Васильев, Ю. И. Кононов, Я. Н. Чирков 
210 |a Киев  |c Донецк  |c Вища щшкола  |d 1982 
215 |a 320 с.  |c ил. 
320 |a Библиогр.: с. 314-316 
606 1 |a Гидротехнические сооружения  |x В целом  |2 stltpush  |3 (RuTPU)RU\TPU\subj\6818  |9 34609 
610 1 |a железобетонные конструкции 
610 1 |a учебные пособия 
610 1 |a бетон 
610 1 |a механические свойства 
610 1 |a арматура 
610 1 |a нагрузки 
610 1 |a расчеты 
610 1 |a расчеты на прочность 
610 1 |a расчеты на жесткость 
610 1 |a изгиб 
610 1 |a трещины 
610 1 |a температурные условия 
610 1 |a напряжение 
610 1 |a камеры 
610 1 |a шлюзы 
610 1 |a подпорные стенки 
610 1 |a больверки 
610 1 |a причалы 
610 1 |a плотины 
610 1 |a подводная часть 
675 |a 626/627(075.8)  |z rus  |v 3 
700 1 |a Васильев  |b П. И.  |g Порфирий Иванович  |4 070 
701 1 |a Кононов  |b Ю. И.  |g Юрий Иосифович 
701 1 |a Чирков  |b Я. Н.  |g Яков Никитич 
801 0 |a RU  |b RuMRKP  |c 19950704  |g psbo 
801 1 |a RU  |b 63413507  |c 20151208 
801 2 |a RU  |b 63413507  |c 20191111  |g RCR 
942 |c BK